000 00565nam a2200169 i 4500
001 165772
003 ES-MaACL
005 20230906213213.0
008 050906s1843 sp a | |||||||| ||spa d
040 _aCAM
_bspa
_cCAM
100 1 _aSterne, Laurence.
_9108138
245 1 0 _aViaje sentimental de Sterne a Paris, bajo el nombre de Yorik /
_ctraducido libremente al castellano.
250 _aEd. il.
260 _aMadrid :
_bI. Boix editor,
_c1843.
300 _a213 p. :
_bil. ;
_c23 cm.
852 _aES-MaACL
_jC-1979
_z-- Enc. hol.
_z-- Enc. en un vol. facticio
999 _c165772
_d165772